Регионална библиотека "Любен Каравелов" - Русе

Децата на новото хилядолетие (Запис номер 50708)

MARC детайли
000 -Лидер
Контролно поле с фиксирана дължина 02496nam a2200409 c 4500
003 - Код на организацията, давaща контролен номер
Контролно поле BLK
005 - Дата и час на последна редакция
Контролно поле 20200204104824.0
008 - Елементи от данни с фиксирана дължина
fixed length control field 180408b bul|||||r ||||||| ||bul||
010 ## - Наследен системен номер
LC control number KNG00054584000
020 ## - Международен стандартен номер на книга ISBN
Международен стандартен номер на книга ISBN 978-954-8692-20-5
-- издат.: Аквариус
040 ## - Източник на каталожния запис
Идентификатор на билиотеката - собственик на записа BLK
041 ## - Код за език
Код за езика на текст/звукозапис или на отделно заглавие Български
Код за езика КДБФ Български
080 ## - УДК
Текстов определител УДК Психология на детската възраст. Интелектуално развитие на децата. Психически особености. Детски представи, описани в разкази
УДК код - определител по УДК 159.922.7
УДК определител
УДК - код + определител 159.922.7
080 ## - УДК
Текстов определител УДК Възпитание, образование и обучение на специални групи и лица. Дефектология
УДК код - определител по УДК 376
УДК определител .03
УДК - код + определител 376.03
080 ## - УДК
Текстов определител УДК Възпитание у дома. Семейно възпитание
УДК код - определител по УДК 37.018.1
УДК определител
УДК - код + определител 37.018.1
080 ## - УДК
Текстов определител УДК Парапсихология. Нумерология. - Халюцинации, пророчества, предсказания, магии, демонология, телепатия, спиритизъм, илюзии, нумерология, мошеничество. Вж и 133 ; 398.4 ; 615.851
УДК код - определител по УДК 159.961
УДК определител
УДК - код + определител 159.961
100 1# - Редна дума - Автор
Автор Хеенкамп, Каролина
Авторска отговорност първи автор
R(LIN) 136627
139 ## - Редно поле
Редна дума Хеенкамп, Каролина
Авторски знак Хед - Х 38
245 10 - Сведения за заглавието
Заглавие Децата на новото хилядолетие
Подзаглавни данни Малка енцикл. за леко и пълноценно общуване с децата-индиго
Редно поле (дума) Каролина Хеенкамп; прев. от нем. Здравка Георгиева Евстатиева.
257 ## - Страна на издаване
Страна на създаване/издаване Нидерландия (Холандия)
260 ## - Област на издателските данни
-- София
Име на издателя, разпространителя и проч. Аквариус
Година на издаване 2010
300 ## - Физическа характеристика
Страници 347 с.
Илюстрации и др. с ил.
Размери/Мащаб 20 см
380 ## - Жанр
Жанр Философия
500 ## - Общи забележки
Забележка Ориг. загл. Der Indigo-Ratgeber / Carolina Hehenkamp. - 1. изд. 2004. в 2 т. - Речник. - Библиогр. с. 346-347.
650 #4 - Допълнително описание по предмет – тема
Основно описание – тема или топоним Детска и педагогическа психология
9 (RLIN) 244538
650 #4 - Допълнително описание по предмет – тема
Основно описание – тема или топоним Семейно възпитание
9 (RLIN) 263959
650 #4 - Допълнително описание по предмет – тема
Основно описание – тема или топоним Парапсихология
9 (RLIN) 165687
653 ## - Ключова дума – ненормативна
Ключова дума психология на личността
653 ## - Ключова дума – ненормативна
Ключова дума парапсихология
653 ## - Ключова дума – ненормативна
Ключова дума детска психология
700 1# - Други автори (авторска отговорност)
Лично име Евстатиева, Здравка Георгиева
Автороска отговорност (Описва отношението между автора и произведението) прев. от нем.
9 (RLIN) 365748
852 ## - Местоположение
Форматна сигнатура Цб 254282
856 4# - Електронен адрес и достъп
Електронен формат pdf - файл
Път до файла /url/
856 4# - Електронен адрес и достъп
Електронен формат pdf - файл
Път до файла /url/
942 ## - АРТИКУЛИ
Вид на библиотечния материал Книги
Скрит в OPAC Не
Koha issues (borrowed), all copies 3
944 ## - СЪЗДАВАНЕ И РЕДАКЦИЯ на ЗАПИСА
Създаване/Редакция Създаване
Дата на регистрацията/редакция 06.01.2012
Служител, извършил регистрацията/редакцията Геновева_Генчева
944 ## - СЪЗДАВАНЕ И РЕДАКЦИЯ на ЗАПИСА
Създаване/Редакция Редакция
Дата на регистрацията/редакция 03.02.2012
Служител, извършил регистрацията/редакцията
999 ## - СИСТЕМНИ КОНТРОЛНИ НОМЕРА
Koha biblionumber 50708
Koha biblioitemnumber 50708
Наличности
Код за отписване Код за изгубен артикул Код за повреда Коз за рестрикции Код за отдаване Артикулен № Име на библиотеката - собственик Име на библиотеката, в която се намира в момента Статус (Текущо местоположение) Дата на вписване в системата Местоположение - отдел Цена в лева Инвентарен номер Систематично азбучна сигнатура Баркод Номер на екземпляра Цена в евро Служебна бележка Служебен тип на артикула
  Не е изгубен Не е повреден без рестрикции ползва се в читалня 79290 Регионална библиотека "Любен Каравелов" Русе Регионална библиотека "Любен Каравелов" Русе Читалня 2011-12-19 Читалня 12.00 120000755897 Ч 159.9/Х 38 120000755897 1 6.14 Дост: Pk Вид: Ф N: 291 Дата: 15.12.2011 Дата инв: 21.03.2017 Бележки инв: Ч2017 Книги
Vip Innovations Ltd, Rousse, Bulgaria 2025